| 000 | 00716nam a2200217 ar4500 | ||
|---|---|---|---|
| 001 | 3024 | ||
| 005 | 20221127090647.0 | ||
| 008 | 121226s xxk 0001f|eng d | ||
| 020 |
_a9780099505969(pbk) : _cSR00.00 |
||
| 082 | 0 | 4 |
_a839.828 _bN367 2009 |
| 100 | 1 | _aNesbo, Jo. | |
| 245 | 1 | 4 |
_aThe redeemer / _cJo Nesbo ; translated from the Norwegian by Don Bartlett. |
| 260 |
_aLondon : _bVintage, _c2009. |
||
| 300 |
_a562 p. ; _c20 cm. |
||
| 650 | 4 | _aDetective and mystery stories. | |
| 650 | 4 |
_aNorwegian fiction _xTranslations into English. |
|
| 650 | 4 |
_aNorwegian literature _y21st century. |
|
| 650 | 4 |
_aEnglish fiction _xForeign countries. |
|
| 650 | 4 | _aSuspense fiction. | |
| 700 | 0 |
_aBartlett, Don, _etranslator. |
|
| 999 |
_c3022 _d3022 |
||